000 00227nam a22000857a 4500
008 161227b xxu||||| |||| 00| 0 eng d
100 _92182
_aKaur.K
245 _aCreative art and Craft
260 _aNew Delhi
_bCordava Publication
_c2006
999 _c5071
_d5071